000 00483nam a2200181Ia 4500
005 20250508150202.0
008 008 250505s9999 xx 000 0 eng d
037 _aTextual
040 _aFEDL
_beng
_cFEDL
041 _aeng
_2eng
084 _a808.8, SHA
_qFEDL
100 _aSharma Diwan Chand
_9755956
245 0 _aLearn and live
260 _aCumberlege
_bOxford University Press
300 _a201p.
942 _cTEXL
_h808.8, SHA
999 _c1322261
_d1322261